[Event "Opera Euro Rapid Prelim"]
[Site "chess24.com INT"]
[Date "2021.02.08"]
[Round "14.1"]
[White "Dubov, Daniil"]
[Black "Carlsen, Magnus"]
[Result "1/2-1/2"]
[WhiteTitle "GM"]
[BlackTitle "GM"]
[WhiteElo "2710"]
[BlackElo "2862"]
[WhiteFideId "24126055"]
[BlackFideId "1503014"]
[EventDate "2021.02.06"]

1. d4 d5 2. c4 c6 3. Nf3 Nf6 4. Nc3 e6 5. g3 Nbd7 6. Bg2 Be7 7. O-O O-O 8. b3 b6
9. Bb2 a5 10. e4 Ba6 11. Ne5 Rc8 12. Re1 dxc4 13. Nxc4 Bxc4 14. bxc4 e5 15. Ne2
Bb4 16. Rf1 Re8 17. Qc2 Qe7 18. c5 exd4 19. cxb6 c5 20. a3 Nxb6 21. axb4 axb4
22. Nf4 Qd6 23. Rfd1 Nbd7 24. Rac1 Qa6 25. Nd3 h5 26. h3 b3 27. Qc4 Qxc4 28.
Rxc4 Nxe4 29. Bxd4 Nb6 30. Rxc5 Nxc5 31. Nxc5 b2 32. Nd3 Nc4 33. Nxb2 Red8 34.
Bc3 Nxb2 35. Rxd8+ Rxd8 36. Bxb2 Rd1+ 37. Bf1 Rb1 38. Bd4 Rd1 39. Be3 Ra1 40.
Kg2 Ra5 41. Kf3 Rf5+ 42. Ke4 Ra5 43. Bc4 Ra4 44. Kd5 Ra1 45. Kd6 Kf8 46. Bc5
Rd1+ 47. Kc6+ Kg8 48. Bd5 Rd3 49. Be4 Rd2 50. Bd5 Rd3 51. Be3 g6 52. Kd6 Kg7 53.
Ke5 Rd1 54. g4 hxg4 55. hxg4 Rd3 56. Bg5 Rd1 57. Bf6+ Kf8 58. Kd6 Rd2 59. f3 Rd1
60. Bc3 Rd3 61. Be5 Rd1 62. f4 Rg1 63. g5 Rd1 64. Kc6 Rd2 65. Bd6+ Kg7 66. Bb3
Rd3 67. Bc4 Rd1 68. Kd7 Rd4 69. Bb5 f6 70. Ke6 Re4+ 71. Kd5 Re1 72. gxf6+ Kxf6
73. Be5+ Ke7 74. Bd3 Kf7 75. Bc4 Ke7 76. Kd4 Ra1 77. Bd3 Kf7 78. Kd5 Rd1 79. Ke4
Re1+ 80. Kd4 Rd1 81. Bc7 Ke7 82. Ke3 Rc1 83. Bb6 Rg1 84. Kf3 Rc1 85. Kg4 Rc3 86.
Be4 Kf7 87. Bd5+ Ke7 88. Ba5 Rc1 89. Bb6 Rd1 90. Bf3 Rf1 91. Bg2 Rb1 92. Bc5+
Kf7 93. Be4 Re1 94. Bd5+ Kg7 95. Bf3 Rc1 96. Be3 Rb1 97. Bd4+ Kh6 98. Bc5 Kg7
99. Be2 Rc1 100. Be3 Re1 101. Bd4+ Kh6 102. Bf3 Rb1 103. Bf6 Rg1+ 104. Kh4 Rb1
105. Bg5+ Kg7 106. Kg3 Rb3 107. Kf2 Ra3 108. Ke2 Rb3 109. Be4 Ra3 110. Bd3 Rb3
111. Ke3 Rb4 112. Be4 Ra4 113. Bd5 Rb4 114. Kd3 Ra4 115. Bc4 Ra1 116. Kd4 Re1
117. Kd5 Rd1+ 118. Ke5 Re1+ 119. Kd6 Rd1+ 120. Ke7 Re1+ 121. Be6 Re4 122. Kd6
Re1 1/2-1/2

[Event "Opera Euro Rapid Prelim"]
[Site "chess24.com INT"]
[Date "2021.02.08"]
[Round "14.3"]
[White "So, Wesley"]
[Black "Radjabov, Teimour"]
[Result "1/2-1/2"]
[WhiteTitle "GM"]
[BlackTitle "GM"]
[WhiteElo "2770"]
[BlackElo "2765"]
[WhiteFideId "5202213"]
[BlackFideId "13400924"]
[EventDate "2021.02.06"]

1. d4 Nf6 2. c4 e6 3. Nf3 d5 4. Nc3 Be7 5. Bf4 O-O 6. e3 Nbd7 7. a3 c5 8. cxd5
Nxd5 9. Nxd5 exd5 10. dxc5 Nxc5 11. Be5 Bf5 12. Be2 Bf6 13. Bxf6 Qxf6 14. Qd4
Qd6 15. Rd1 Rfd8 16. Qd2 Qf6 17. Qd4 Qd6 18. Qd2 Qf6 19. Qd4 Qd6 1/2-1/2

[Event "Opera Euro Rapid Prelim"]
[Site "chess24.com INT"]
[Date "2021.02.08"]
[Round "14.4"]
[White "Aronian, Levon"]
[Black "Vidit, Santosh Gujrathi"]
[Result "1/2-1/2"]
[WhiteTitle "GM"]
[BlackTitle "GM"]
[WhiteElo "2781"]
[BlackElo "2726"]
[WhiteFideId "13300474"]
[BlackFideId "5029465"]
[EventDate "2021.02.06"]

1. d4 Nf6 2. c4 e6 3. Nf3 d5 4. Nc3 c5 5. cxd5 cxd4 6. Qxd4 exd5 7. e4 dxe4 8.
Qxd8+ Kxd8 9. Ng5 Be6 10. Nxe6+ fxe6 11. Bg5 Nc6 12. Bc4 Ke7 13. Nxe4 Kf7 14.
Bxf6 gxf6 15. O-O-O Rd8 16. Rxd8 Nxd8 17. Rd1 Be7 18. f4 f5 19. Ng5+ Bxg5 20.
fxg5 Ke7 21. Bb5 Nc6 22. Bxc6 bxc6 23. Rd4 Rg8 24. h4 h6 25. gxh6 Rh8 26. g4
fxg4 27. Rxg4 Rxh6 28. Kd2 a5 29. Ke3 Kf6 30. Rf4+ Kg6 31. Rc4 Rh5 32. Rxc6 Rxh4
33. Rxe6+ Kf7 34. Re5 Rb4 35. b3 a4 36. Re4 Rxe4+ 37. Kxe4 axb3 38. axb3 Ke6 39.
b4 Kd6 40. Kd4 Kc6 41. Kc4 Kb6 42. b5 Kb7 43. Kc5 Kc7 44. b6+ Kb7 45. Kb5 Kb8
46. Kc6 Kc8 47. b7+ Kb8 48. Kb6 1/2-1/2

[Event "Opera Euro Rapid Prelim"]
[Site "chess24.com INT"]
[Date "2021.02.08"]
[Round "14.6"]
[White "Shankland, Sam"]
[Black "Nepomniachtchi, Ian"]
[Result "1/2-1/2"]
[WhiteTitle "GM"]
[BlackTitle "GM"]
[WhiteElo "2691"]
[BlackElo "2789"]
[WhiteFideId "2004887"]
[BlackFideId "4168119"]
[EventDate "2021.02.06"]

1. e4 c5 2. Nf3 d6 3. d4 cxd4 4. Nxd4 Nf6 5. Nc3 a6 6. Be3 e5 7. Nb3 Be7 8. h3
Nc6 9. g4 h6 10. Qf3 Be6 11. O-O-O Rc8 12. Kb1 Na5 13. Bc1 Nc4 14. Nd5 Nxd5 15.
exd5 Bd7 16. Bd3 a5 17. Qe4 b5 18. f4 a4 19. Nd2 Qc7 20. Rhe1 Bf6 21. Nf3 Kd8
22. Bxc4 Qxc4 23. fxe5 Bxe5 24. Nxe5 dxe5 25. Qxc4 Rxc4 26. Rxe5 f6 27. Re3 Re8
28. b3 axb3 29. axb3 Rxe3 30. Bxe3 Re4 31. Bc5 f5 32. Rd4 Rxd4 33. Bxd4 fxg4 34.
hxg4 Bxg4 35. Bxg7 Bf3 1/2-1/2

[Event "Opera Euro Rapid Prelim"]
[Site "chess24.com INT"]
[Date "2021.02.08"]
[Round "14.7"]
[White "Dominguez Perez, Leinier"]
[Black "Giri, Anish"]
[Result "1/2-1/2"]
[WhiteTitle "GM"]
[BlackTitle "GM"]
[WhiteElo "2758"]
[BlackElo "2764"]
[WhiteFideId "3503240"]
[BlackFideId "24116068"]
[EventDate "2021.02.06"]

1. e4 e5 2. Nf3 Nc6 3. Bb5 Nf6 4. O-O Nxe4 5. d4 Nd6 6. Bxc6 dxc6 7. dxe5 Nf5 8.
Qxd8+ Kxd8 9. Rd1+ Ke8 10. Nc3 Ne7 11. a4 Ng6 12. a5 Bg4 13. Ra4 Bxf3 14. gxf3
Be7 15. f4 Rd8 16. Rxd8+ Kxd8 17. Be3 a6 18. Ne4 Kc8 19. Kf1 Rd8 20. Ke2 Rd5 21.
Nc3 Rd8 22. Ne4 Rd5 23. Nc3 Rd8 24. Ne4 1/2-1/2

[Event "Opera Euro Rapid Prelim"]
[Site "chess24.com INT"]
[Date "2021.02.08"]
[Round "14.8"]
[White "Duda, Jan-Krzysztof"]
[Black "Grischuk, Alexander"]
[Result "1-0"]
[WhiteTitle "GM"]
[BlackTitle "GM"]
[WhiteElo "2743"]
[BlackElo "2777"]
[WhiteFideId "1170546"]
[BlackFideId "4126025"]
[EventDate "2021.02.06"]

1. Nf3 Nf6 2. c4 g6 3. g3 Bg7 4. Bg2 O-O 5. d4 d6 6. O-O Ne4 7. b3 a5 8. Qc2 f5
9. Bb2 Nc6 10. Nbd2 Nxd2 11. Qxd2 e5 12. d5 Nb4 13. a3 Na6 14. Qxa5 Bd7 15. Qc3
Nc5 16. Nd2 Qe7 17. a4 Rf7 18. Qc2 f4 19. Ne4 Bf5 20. b4 Nd7 21. a5 Kh8 22. Qb3
g5 23. c5 dxc5 24. d6 cxd6 25. Nxd6 Qxd6 26. Qxf7 Be6 27. Rad1 Qa6 28. b5 1-0

[Event "Opera Euro Rapid Prelim"]
[Site "chess24.com INT"]
[Date "2021.02.08"]
[Round "15.2"]
[White "Giri, Anish"]
[Black "Duda, Jan-Krzysztof"]
[Result "1/2-1/2"]
[WhiteTitle "GM"]
[BlackTitle "GM"]
[WhiteElo "2764"]
[BlackElo "2743"]
[WhiteFideId "24116068"]
[BlackFideId "1170546"]
[EventDate "2021.02.06"]

1. d4 Nf6 2. c4 e6 3. Nc3 Bb4 4. e3 c5 5. Ne2 cxd4 6. exd4 d5 7. a3 Bxc3+ 8.
Nxc3 dxc4 9. Bxc4 O-O 10. O-O Nc6 11. Be3 b6 12. Ba2 Bb7 13. Re1 Ne7 14. Bg5 Ng6
15. d5 exd5 16. Qd4 h6 17. Bxf6 Qxf6 18. Qxf6 gxf6 19. Rad1 Rfe8 20. Bxd5 Bxd5
21. Nxd5 Kg7 22. Rxe8 Rxe8 23. Ne3 Re5 24. g3 f5 25. Rd4 Nf8 26. Rd3 Rb5 27. b4
a5 28. Nd5 axb4 29. axb4 Nh7 30. Rd4 Nf6 31. Ne3 Re5 32. Kf1 Kg6 33. Ke2 Re6 34.
f3 b5 35. Rd2 Ra6 36. Rc2 Nd7 37. f4 Nf8 38. Rd2 Ne6 39. Nd5 Ra3 40. Ne7+ Kf6
41. Nc6 h5 42. Ne5 Ke7 43. Rd7+ Ke8 44. Rxf7 Nd4+ 45. Kf2 Ra2+ 46. Ke3 Nc2+ 47.
Kd3 Ne1+ 48. Kc3 Rc2+ 49. Kb3 Rxh2 50. Rxf5 Rh3 51. Kb2 Rxg3 52. Rxh5 Re3 53.
Rh6 Kd8 54. Rd6+ Kc7 55. Rc6+ Kb7 56. Rc5 Re4 57. Rxb5+ Ka6 58. Ra5+ Kb6 59. Kc3
Rxf4 60. Nc4+ Kb7 61. b5 Rf3+ 62. Kd4 Nc2+ 63. Ke4 Rh3 64. Nd6+ Kc7 65. Ra6 Rh4+
66. Kf3 Rb4 67. Rc6+ Kd7 68. Rxc2 Kxd6 69. Rd2+ Kc5 70. Ke3 Kxb5 71. Rd4 Rxd4
72. Kxd4 1/2-1/2

[Event "Opera Euro Rapid Prelim"]
[Site "chess24.com INT"]
[Date "2021.02.08"]
[Round "15.3"]
[White "Nepomniachtchi, Ian"]
[Black "Dominguez Perez, Leinier"]
[Result "0-1"]
[WhiteTitle "GM"]
[BlackTitle "GM"]
[WhiteElo "2789"]
[BlackElo "2758"]
[WhiteFideId "4168119"]
[BlackFideId "3503240"]
[EventDate "2021.02.06"]

1. d4 Nf6 2. c4 e6 3. Nc3 Bb4 4. e3 O-O 5. Bd3 d5 6. cxd5 exd5 7. Ne2 Re8 8. Bd2
Bd6 9. Rc1 c6 10. O-O Na6 11. f3 c5 12. Kh1 Nc7 13. g4 b6 14. Ng3 g6 15. Nce2
Bb7 16. g5 Nd7 17. h4 Nf8 18. Kg2 Ba6 19. Bxa6 Nxa6 20. dxc5 bxc5 21. e4 d4 22.
Qa4 Nc7 23. b4 Nce6 24. bxc5 Bxc5 25. Rfd1 Rb8 26. Bc3 Qb6 27. Ba1 Red8 28. Rd3
Qb7 29. Rcd1 Bb6 30. Qb4 Qa6 31. Qa3 Qc4 32. f4 Qc6 33. Qc1 Qb7 34. Kh2 Rbc8 35.
Qb2 Qc7 36. Rc1 Qb8 37. Rf1 Bc7 38. Qd2 Qb5 39. Rb3 Qa6 40. f5 Nc5 41. fxg6 hxg6
42. Rbf3 Nxe4 43. Qb2 Be5 44. Kg2 Nxg3 45. Nxg3 Qc6 46. Kg1 Rb8 47. Qf2 Qd5 48.
h5 Ne6 49. Qd2 d3 50. Bxe5 Qxe5 51. hxg6 fxg6 52. Re3 Qxg5 53. Rfe1 Nf4 54. Kh2
Qh4+ 55. Kg1 Nh3+ 56. Kg2 Nf4+ 57. Kg1 Rf8 58. Rf1 Nh3+ 59. Kg2 Nf4+ 60. Kg1
Ne2+ 61. Nxe2 Rxf1+ 62. Kxf1 Rf8+ 63. Kg2 Rf2+ 0-1

[Event "Opera Euro Rapid Prelim"]
[Site "chess24.com INT"]
[Date "2021.02.08"]
[Round "15.5"]
[White "Vidit, Santosh Gujrathi"]
[Black "Bluebaum, Matthias"]
[Result "1/2-1/2"]
[WhiteTitle "GM"]
[BlackTitle "GM"]
[WhiteElo "2726"]
[BlackElo "2670"]
[WhiteFideId "5029465"]
[BlackFideId "24651516"]
[EventDate "2021.02.06"]

1. d4 d5 2. c4 e6 3. Nc3 Nf6 4. Nf3 dxc4 5. e4 b5 6. e5 Nd5 7. Nxb5 Nb6 8. Be2
Nc6 9. a3 Be7 10. Be3 O-O 11. Qc2 Rb8 12. h4 f5 13. exf6 gxf6 14. Nc3 Rf7 15.
Rd1 Na5 16. Ne4 Bb7 17. Rg1 Nd5 18. Bd2 Nb3 19. Bh6 Ba6 20. Bxc4 Bxc4 21. Qxc4
Bf8 22. Bxf8 Qxf8 23. Rd3 Na5 24. Qc2 Rb6 25. g3 Qe8 26. Nc5 Qb5 27. b3 Nb7 28.
Nd2 Rc6 29. Qc4 Qb6 30. b4 a5 31. Rb3 axb4 32. axb4 Nd6 33. Qd3 Re7 34. b5 Rxc5
35. dxc5 Qxc5 36. Ke2 e5 37. Ne4 Nxe4 38. Qxe4 Nc3+ 39. Rxc3 Qxc3 40. Rd1 Qb2+
41. Kf3 Qxb5 42. Rd8+ Re8 43. Qg4+ Kh8 44. Rd7 Qc6+ 45. Ke2 Rg8 46. Qf5 Rg7 47.
Rd8+ Rg8 48. Rd7 Rg7 49. Rd8+ Rg8 50. Rd7 1/2-1/2

[Event "Opera Euro Rapid Prelim"]
[Site "chess24.com INT"]
[Date "2021.02.08"]
[Round "15.6"]
[White "Radjabov, Teimour"]
[Black "Aronian, Levon"]
[Result "1/2-1/2"]
[WhiteTitle "GM"]
[BlackTitle "GM"]
[WhiteElo "2765"]
[BlackElo "2781"]
[WhiteFideId "13400924"]
[BlackFideId "13300474"]
[EventDate "2021.02.06"]

1. d4 Nf6 2. c4 e6 3. Nc3 Bb4 4. e3 O-O 5. Ne2 Re8 6. a3 Bf8 7. Ng3 d5 8. Bd3 c5
9. dxc5 dxc4 10. Bxc4 Qxd1+ 11. Kxd1 Bxc5 12. Nge4 Nxe4 13. Nxe4 Be7 14. Bd2 b6
15. Bc3 Bb7 16. Bd3 Rd8 17. Ke2 Na6 18. f3 f5 19. Nf2 Nc5 20. Bc4 Kf7 21. Nd3
Nxd3 22. Bxd3 Rac8 23. Rac1 Bf6 24. Bxf6 Kxf6 25. h4 g6 26. Rhd1 h6 27. Rxc8
Rxc8 28. Rd2 g5 29. hxg5+ hxg5 30. Rc2 Rxc2+ 31. Bxc2 f4 32. Kf2 e5 33. g3 Bc6
34. Bd1 Bb7 35. Bc2 Bc6 36. Bd1 Bb7 37. Bc2 1/2-1/2

[Event "Opera Euro Rapid Prelim"]
[Site "chess24.com INT"]
[Date "2021.02.08"]
[Round "15.7"]
[White "Ding, Liren"]
[Black "So, Wesley"]
[Result "1/2-1/2"]
[WhiteTitle "GM"]
[BlackTitle "GM"]
[WhiteElo "2791"]
[BlackElo "2770"]
[WhiteFideId "8603677"]
[BlackFideId "5202213"]
[EventDate "2021.02.06"]

1. e4 e5 2. Nf3 Nc6 3. Bc4 Bc5 4. c3 Nf6 5. d3 O-O 6. O-O d5 7. exd5 Nxd5 8. a4
a5 9. Nbd2 Nb6 10. Bb5 Bd6 11. Ne4 Bg4 12. h3 Bh5 13. Re1 Na7 14. d4 exd4 15.
Nxd6 Qxd6 16. Qxd4 Nxb5 17. axb5 Qxd4 18. Nxd4 Bg6 19. f4 f5 20. Re5 a4 21. Rc5
Rac8 22. Be3 Nd7 23. Rd5 Nb6 24. Rc5 Nd7 25. Rd5 Nb6 26. Rc5 1/2-1/2

[Event "Opera Euro Rapid Prelim"]
[Site "chess24.com INT"]
[Date "2021.02.08"]
[Round "15.8"]
[White "Carlsen, Magnus"]
[Black "Vachier-Lagrave, Maxime"]
[Result "1/2-1/2"]
[WhiteTitle "GM"]
[BlackTitle "GM"]
[WhiteElo "2862"]
[BlackElo "2784"]
[WhiteFideId "1503014"]
[BlackFideId "623539"]
[EventDate "2021.02.06"]

1. d4 Nf6 2. c4 g6 3. g3 c6 4. Bg2 d5 5. cxd5 cxd5 6. Nf3 Bg7 7. Ne5 Ne4 8. Nd2
Nd7 9. Nxe4 dxe4 10. O-O O-O 11. Nxd7 Bxd7 12. Bxe4 Bh3 13. Re1 Bxd4 14. Qb3 Be6
15. Qf3 Qb6 16. Be3 Bxe3 17. Qxe3 Qxe3 18. fxe3 Rac8 19. Rac1 b6 20. a3 Rxc1 21.
Rxc1 Rc8 22. Rxc8+ Bxc8 23. Kf2 Bd7 24. Bd5 e6 25. Bc4 Kf8 26. e4 e5 27. Ke3 f6
28. b4 g5 29. Bd3 Be8 30. Bc4 Bd7 31. Bd3 Be8 32. Bc4 Bd7 1/2-1/2